Feature writing: (Record no. 134400)

MARC details
000 -LEADER
fixed length control field 00716cam a2200241 a 4500
008 - FIXED-LENGTH DATA ELEMENTS--GENERAL INFORMATION
fixed length control field
020 ## - INTERNATIONAL STANDARD BOOK NUMBER
International Standard Book Number 1412908000 (pbk.)
049 ## - LOCAL HOLDINGS (OCLC)
Holding library MAIN
090 ## - LOCALLY ASSIGNED LC-TYPE CALL NUMBER (OCLC); LOCAL CALL NUMBER (RLIN)
Classification number (OCLC) (R) ; Classification number, CALL (RLIN) (NR) PN478.F37
Local cutter number (OCLC) ; Book number/undivided call number, CALL (RLIN) PAP
003 - CONTROL NUMBER IDENTIFIER
control field
005 - DATE AND TIME OF LATEST TRANSACTION
control field 20230123125026.0
040 ## - CATALOGING SOURCE
Transcribing agency NUST
100 1# - MAIN ENTRY--PERSONAL NAME
Personal name Pape, Susan.
245 10 - TITLE STATEMENT
Title Feature writing:
Remainder of title a practical introduction /
Statement of responsibility, etc. Susan Pape and Sue Featherstone.
260 ## - PUBLICATION, DISTRIBUTION, ETC.
Place of publication, distribution, etc. London :
Name of publisher, distributor, etc. SAGE Publications,
Date of publication, distribution, etc. 2006.
300 ## - PHYSICAL DESCRIPTION
Extent viii, 163 p. ;
Dimensions 25 cm.
500 ## - GENERAL NOTE
General note Includes index.
504 ## - BIBLIOGRAPHY, ETC. NOTE
Bibliography, etc. note Includes bibliographical references.
650 #0 - SUBJECT ADDED ENTRY--TOPICAL TERM
Topical term or geographic name entry element Feature writing.
700 1# - ADDED ENTRY--PERSONAL NAME
Personal name Featherstone, Sue.
907 ## - LOCAL DATA ELEMENT G, LDG (RLIN)
a .b10238761
b 07-07-10
c 17-04-07
942 ## - ADDED ENTRY ELEMENTS (KOHA)
Koha item type Ordinary Loan Books
Call number prefix PN478.F37
Call number suffix PAP
Holdings
Date last seen Total Checkouts Full call number Barcode Cost, replacement price Price effective from Koha item type Lost status Source of classification or shelving scheme Damaged status Not for loan Collection Withdrawn status Home library Current library Shelving location Date acquired Cost, normal purchase price
01/23/2023 16 PN478.F37 PAP 92004013431 80.00 01/23/2023 BOOKS   LCC     NFIC   MAIN MAIN GEN 01/23/2023 80.00